000 002890000a22001090004500
090 _aAS
_bSeriadas
245 1 0 _aNuevas especies colombianas del género Inga
041 0 _aEspañol
100 1 _aUribe Uribe, Lorenzo
_996776
942 _cARTICULO
773 1 _tCaldasia
_345
_h8
_q241-250
_d1943
_g2
999 _c14965
_d14965